Statistics for Vienna Airport (VIE) Destinations

Click here to take the quiz!

General Stats

  • This quiz has been taken 737 times
    (654 since last reset)
  • The average score is 109 of 203

Answer Stats

HintAnswer% Correct
British Airways, easyJetLondon-Gatwick
94%
Austrian Air, British AirwaysLondon-Heathrow
94%
easyJetLondon-Luton
94%
FlybeLondon-Southend
94%
EurowingsLondon-Stansted
94%
Austrian Air, easyJet, KLMAmsterdam
93%
easyJetBerlin-Schonefeld
93%
Austrian Air, easyJetBerlin-Tegel
93%
Austrian Air, S7 AirMoscow-Domodedovo
92%
AeroflotMoscow-Sheremetyevo
92%
UTair AviationMoscow-Vnukovo
92%
Eurowings, VuelingBarcelona
91%
Onur Air, Turkish AirIstanbul-Ataturk
91%
Pegasus Air, Turkish AirIstanbul-Sabiha Gökçen
91%
Austrian Air, Norwegian Air ShuttleOslo
91%
Air France, Austrian Air, VuelingParis-Charle de Gaulle
91%
Transavia FranceParis-Orly
91%
Aegean Air, Austrian AirAthens
90%
Eurowings, IberiaMadrid
90%
Austrian Air, Lufthansa, Lufthansa RegionalMunich
90%
Austrian Air, EgyptAirCairo
89%
FinnairHelsinki
89%
Austrian Air, Brussels AirBrussels
88%
Aer LingusDublin
88%
Austrian AirStockholm-Arlanda
88%
Austrian Air, SASCopenhagen
87%
Austrian Air, Croatia AirZagreb
87%
Pegasus Air, SunExpress, Turkish AirAnkara
86%
EmiratesDubai
86%
Austrian Air, LufthansaFrankfurt
86%
Austrian Air, EurowingsHamburg
86%
Austrian Air, Ethiopian AirMilan-Malpensa
86%
Eurowings, VuelingRome-Fiumicino
86%
Air China, Austrian AirBeijing
85%
TAP PortugalLisbon
85%
Austrian Air, Korean Air, Swiss AirZurich
85%
Austrian Air, TAROMBucharest
84%
Austrian AirBudapest
84%
Air Serbia, Austrian AirBelgrade
83%
Austrian Air, Ukraine International AirKiev-Boryspil
83%
Austrian AirNew York-JFK
83%
Austrian Air, Bulgaria AirSofia
83%
Austrian Air, LOT PolishWarsaw
83%
Austrian Air, easyJetManchester
82%
airBalticRiga
81%
Aeroflot, Austrian AirSt. Petersburg
81%
Austrian Air, EurowingsDusseldorf
78%
Austrian AirInnsbruck
77%
Qatar AirDoha
76%
VoloteaMarseille
76%
Austrian Air, El AlTel Aviv
76%
Air AlgerieAlgiers
75%
Austrian Air, EVA Air, Thai AirwaysBangkok-Suvarnabhumi
75%
Austrian Air, easyJetLyon
75%
Austrian Air, EurowingsNice
75%
Austrian Air, EurowingsCologne/Bonn
74%
EurowingsPorto
74%
Ethiopian AirAddis Ababa
73%
easyJet, Jet2.comEdinburgh
73%
Austrian AirPrague
73%
Austrian Air, Pegasus Air, SunExpress, Turkish AirAntalya
72%
Austrian Air, easyJet SwitzerlandGeneva
72%
Austrian AirSalzburg
72%
Austrian AirVenice
72%
Austrian Air, EurowingsStuttgart
71%
TunisairTunis
71%
Austrian AirVilnius
71%
Austrian Air, Royal JordanianAmman
70%
Austrian AirGraz
70%
Austrian AirShanghai-Pudong
70%
EurowingsBirmingham
69%
Air IndiaDelhi
69%
Austrian AirLos Angeles
69%
Austrian Air, easyJetNaples
69%
Korean AirSeoul-Incheon
69%
Austrian AirKraków
68%
LuxairLuxembourg
67%
SunExpressIzmir
66%
Austrian Air, Croatia AirSplit
66%
airBaltic, Nordic AirTallinn
66%
Austrian AirChicago O'hare
65%
Austrian Air, Montenegro AirPodgorica
65%
Austrian AirTirana
65%
Air Moldova, Austrian AirChisinau
64%
Austrian AirWashington-Dulles
64%
Adria Airways, SkyWork AirBern
63%
EurowingsMalaga
62%
Austrian AirDubrovnik
61%
Austrian AirPalermo
61%
Austrian Air, Condor, EurowingsPalma de Mallorca
61%
Austrian AirToronto-Pearson
61%
EurowingsValencia
61%
Austrian Air, SkyWork AirBasel/Mulhouse
60%
Austrian AirFlorence
60%
Austrian AirMiami
60%
Austrian AirMinsk
60%
Austrian AirSarajevo
59%
Kuwait AirKuwait City
58%
Air Malta, EurowingsMalta
58%
Austrian AirThessaloniki
58%
Austrian AirLinz
57%
Austrian AirHong Kong
56%
Adria AirwaysLjubljana
56%
Austrian AirSkopje
56%
VoloteaBilbao
55%
Austrian Air, Iran AirTehran
55%
Aegean Air, Austrian Air, TUIflyHeraklion
54%
Austrian AirPristina
54%
Austrian AirLeipzig/Halle
52%
Austrian AirReykjavik
52%
Wizz AirGdansk
50%
Austrian Air, EurowingsIbiza
50%
Austrian AirBari
49%
Jet2.comBelfast
49%
Austrian AirBologna
49%
Austrian AirOdessa
49%
TransaviaRotterdam
49%
Austrian AirGothenburg
48%
Austrian Air, TUIflyKos
48%
Austrian Air, Condor, EurowingsTenerife-South
48%
Austrian AirCorfu
47%
Jet2.comLeeds/Bradford
47%
China Airlines, EVA AirTaipei-Taoyuan
47%
EurowingsAlicante
46%
Austrian Air, TUIflyRhodes
46%
Georgian AirTbilisi
46%
Austrian Air, Bulgaria Air, SunExpress Deutshland, Wizz AirVarna
46%
TAROMCluj-Napoca
45%
Austrian Air, EurowingsFaro
45%
Austrian Air, Condor, EurowingsCatania
43%
VoloteaNantes
42%
VoloteaGenoa
41%
Air Cairo, TUIflyHurghada
41%
Austrian AirLviv
41%
Austrian Air, EurowingsLarnaca
40%
easyJetBristol
38%
EurowingsHanover
38%
Austrian AirNewark
38%
Austrian Air, EurowingsSantorini
38%
Austrian Air, Condor, EurowingsGran Canaria
37%
Austrian AirMykonos
37%
Jet2.comNewcastle
37%
EurowingsNuremberg
37%
Austrian AirKlagenfurt
36%
EurowingsPisa
36%
EurowingsDortmund
35%
Austrian AirCagliari
34%
Air Cairo, Austrian AirSharm El Sheikh
34%
Austrian AirYerevan
34%
Austrian AirCape Town
33%
Austrian AirMenorca
33%
EurowingsZadar
33%
Austrian AirBodrum
31%
Austrian AirFunchal
31%
Austrian Air, SunExpress DeutschlandMarrakesh
30%
Austrian AirZakynthos
29%
Austrian AirChania
28%
Austrian Air, EurowingsFuerteventura
28%
Austrian Air, EurowingsLanzarote
27%
Austrian AirMale
27%
Austrian AirLuxor
26%
Austrian AirIasi
24%
Montenegro AirTivat
23%
EurowingsBrindisi
22%
Austrian AirKalamata
22%
Austrian Air, EurowingsOlbia
22%
Austrian Air, SunExpressDalaman
20%
Austrian AirKošice
20%
EurowingsAgadir
19%
Austrian AirColombo
17%
Austrian AirHavana
17%
Austrian Air, EurowingsSamos
17%
EurowingsBastia
16%
Austrian AirErbil
16%
Austrian Air, EurowingsLamezia Terme
16%
Austrian AirSibiu
16%
EurowingsMarsa Alam
15%
Austrian AirMauritius
15%
Austrian AirPreveza
15%
Austrian AirSkiathos
15%
People's ViennalineSt. Gallen/Altenrhein
15%
Turkish AirTrabzon
15%
EurowingsKavala
14%
Turkish AirKayseri
14%
Austrian AirOhrid
13%
GermaniaRostock
13%
EurowingsJerez de la Frontera
12%
Turkish AirSamsun
12%
Austrian AirVolos
12%
NouvelairEnfidha
11%
Austrian AirKarpathos
11%
Austrian AirMahe
11%
Wizz AirTuzla
10%
Austrian AirKrasnodar
9%
Austrian AirChios
8%
People's ViennalineFriedrichshafen
8%
Austrian AirDnipropetrovsk
7%
Austrian Air, EurowingsMytilene
7%
Austrian AirPatras
7%
Austrian AirIsfahan
6%
Austrian AirCephalonia
4%
DniproaviaIvano–Frankivsk
4%
Austrian AirShiraz
4%

Score Distribution

Percentile by Number Answered

Percent of People with Each Score

Your Score History

You have not taken this quiz since the last reset